Statistiques concernant Affluents du Rhône

Cliquez ici pour prendre le quiz!

Statistiques générales

  • Ce quiz a été pris 93 fois
  • Le résultat moyen est 7 sur 17

Statistiques - réponses

Longueur (km)Débit Moyen (m3/s)Affluent% Correct
480473Saône
93%
286.1333Isère
88%
110.720Drôme
85%
125.165Ardèche
82%
323.8180Durance
79%
190123Ain
70%
127.332.7Gard
67%
107.873.9Arve
29%
40.33.16Gier
22%
93.325Ouvèze
18%
128.422Cèze
16%
5016Guiers
15%
71.941.2Fier
13%
47.617.3Valserine
13%
114.26.22Aigues/Eygues
11%
72.27.65Bourbre
7%
14.38.93Drance
4%

Distribution des résultats

Percentile par nombre de réponses

% des personnes avec chaque résultat

Votre développement - résultats

Vous n’avez pas pris ce quiz